000 00595nam a2200193Ia 4500
008 151119s9999||||xx |||||||||||||| ||und||
082 _a823.91
082 _bGKKV25275
100 _aआर्चर जेफ्री
245 _aसन्स आँफ फार्च्यून
260 _a--
260 _b--
260 _c2005
600 _aआर्चर जेफ्री
630 _aसन्स आँफ फार्च्यून
700 _aआर्चर जेफ्री
730 _aसन्स आँफ फार्च्यून
942 _cBOOK
999 _c1077812
_d1077809